000 00692nam a2200229Ia 4500
999 _c41082
_d41082
001 7731
003 GE_BSU
005 20221116112849.0
008 181216s2000en xx |||||||||||||| ||eng||
020 _a1580531415. x
040 _cGE_BSU
041 _aeng
080 _a656.2 S-91
100 _aSussman,Joseph.
_914715
245 _aIntroduction to Transportation Systems /
_cJoseph Sussman.
264 _aBoston-London :
_bArtech House,
_c2000.
300 _a471p;
_b26 cm.
653 _aIntroduction to Transportation Systems.
653 _aTransportation.
653 _aსატრანსპორტო სისტემების შესავალი
942 _cBK
_2udc